| 000 | 00669nam a22002297a 4500 | ||
|---|---|---|---|
| 005 | 20170124110148.0 | ||
| 010 | _aA-318357 | ||
| 020 | _c135.00 | ||
| 035 | _aA-318357 | ||
| 037 | _bCen Lib/Ret | ||
| 040 |
_aDPL _bEN |
||
| 082 |
_a658.8 _bSHA |
||
| 100 |
_aSharad Kumar _933698 |
||
| 245 |
_aMarketing and Salesmanship / _cby Sharad Kumar [and] O.P.Sarathe |
||
| 260 |
_aBhopal _bNBS Publishers _c1987 |
||
| 270 |
_aRet Ghat, Sulemania Park _bBhopal _e462 001 |
||
| 300 |
_a219p. _c20cm(Hb) |
||
| 650 |
_aMarketing functions _933699 |
||
| 650 |
_aMarketing research _922231 |
||
| 700 |
_aSarathe, O.P. _933700 |
||
| 942 |
_2ddc _cEN _h658.8 _mSHA |
||
| 999 |
_c132099 _d132099 |
||